| 000 | 00879nam a2200277 a 4500 | ||
|---|---|---|---|
| 999 |
_c7316 _d7316 |
||
| 001 | 7316 | ||
| 003 | BD - Jhcc | ||
| 005 | 20180325124400.0 | ||
| 008 | 880622s1989 enk b 001 0 eng d | ||
| 020 | _a0198122179 | ||
| 035 | _a(BD - Jhcc)7316 | ||
| 040 |
_aUkOxU _cUkOxU _dBD-JhCC |
||
| 041 | _aeng | ||
| 050 | 0 | _aPR451 | |
| 050 | 0 | 0 |
_aPR461 _b.T87 1989 |
| 082 | 0 |
_a820.9/007 _219 _bTUR 2005 |
|
| 100 | 1 | _aLong, William J. | |
| 245 | 1 | 0 |
_aEnglish literature : _bits history and its significance for the life of the English Speaking world/ _cWilliam J. Long |
| 260 |
_aOxford : _bClarendon Press, _c1989. |
||
| 300 |
_ax, 522 p. ; _c23 cm. |
||
| 490 | 1 |
_aOxford history of English literature ; _vv. 11, pt. 2 |
|
| 504 | _aIncludes bibliography and index. | ||
| 650 | 0 |
_aEnglish literature _y19th century _xHistory and criticism. |
|
| 942 |
_2ddc _cBK |
||